000 01926nam a2200457 i 4500
001 193023
003 SpMaBN
005 20250727153129.0
007 ta
008 230723s2005 sp a | ||||o001 0dspa
016 7 _abimoBNE20060295994
_2SpMaBN
017 _aM 50146-2005
_bOficina Depósito Legal Madrid
020 _a8488699840
024 7 _aNIPO 552-05-015-5
_2nipo
035 _a(OCoLC)433896627
035 _aMimo0002090207
040 _aSpMaBN
_bspa
_cSpMaBN
_erdc
_dSpMaBN
080 _a016:929 Barga, Corpus
080 _a017.1(460.27 M.)
110 2 _aBiblioteca Nacional (España)
_eisb
_92188
245 1 0 _aCorpus Barga :
_binventario de su archivo personal /
_c[elaboración del inventario, introducción e índices, María José Rucio Zamorano y Eva María Molleja López ; dirección, Julián Martín Abad].
260 _aMadrid :
_bBiblioteca Nacional,
_c2005
300 _a140 páginas :
_bilustraciones ;
_c25 cm
336 _aTexto (visual)
_2isbdcontent
337 _asin mediación
_2isbdmedia
338 _2rdacarrier
_avolumen
490 1 _aColecciones singulares de la Biblioteca Nacional ;
_v8
500 _aÍndices
500 _aCatalogación provisional. Signatura: N 8531. Depósito J.
600 1 4 _aBarga, Corpus,
_d1887-1975-
_xArchivo-
_vCatálogos
_9233826
610 2 4 _aBiblioteca Nacional de España-
_vCatálogos
_9236667
700 1 _aRucio Zamorano, María José,
_d1966-
_eclb
_9233800
700 1 _aMolleja López, Eva María,
_d1970-
_eclb
_9233827
700 1 _aMartín Abad, Julián,
_d1946-
_edrt
_977380
830 0 _aColecciones singulares de la Biblioteca Nacional ;
_v8
_9223745
852 _aES-MaACL
_bR 153413
_cDEPOJ
_hDonación: Biblioteca Nacional de España
_jN 8531
_zEn proceso
914 _aBiblioteca Nacional (España)
_ednr
_92188
942 _n0
_cMONOGRAFIA
999 _c193023
_d193023